Eredivisie 2025/26 - Statistics

General Stats
  • This quiz has been taken 93 times
  • The average score is 13 of 18
Answer Stats
Answer % Correct
Ajax Amsterdam
97%
Feyenoord Rotterdam
96%
PSV Eindhoven
94%
AZ Alkmaar
90%
FC Groningen
82%
FC Utrecht
79%
Go Ahead Eagles
78%
Sparta Rotterdam
78%
NEC Nijmegen
76%
FC Twente
73%
NAC Breda
67%
SC Heerenveen
67%
PEC Zwolle
66%
Heracles Almelo
64%
Excelsior Rotterdam
63%
Telstar
63%
Fortuna Sittard
52%
Volendam
52%
No matching quizzes found
Score Distribution
Percent of People with Each Score
Percentile by Number Answered
Your Score History
You have not taken this quiz